Score 0/11 Timer 03:00
4 Plays Today
Holiday President % Correct
Martin Luther King Jr. DayRonald Reagan
92.7%
Inauguration DayDwight D. Eisenhower
86%
New Year’s DayUlysses S. Grant
84.2%
Veterans DayFranklin D. Roosevelt
84.1%
Columbus DayLyndon B. Johnson
83.5%
Thanksgiving Ulysses S. Grant
77.4%
Christmas DayUlysses S. Grant
77.3%
Independence DayUlysses S. Grant
76.4%
Memorial DayGrover Cleveland
62.1%
Labor DayGrover Cleveland
60%
Washington's BirthdayRutherford B. Hayes
59.1%
Remove Ads.
Support Sporcle.
Get the best of Sporcle when you Go Orange. This ad-free experience offers more features, more stats, and more fun while also helping to support Sporcle. Thank you for becoming a member.

You're not logged in!

Compare scores with friends on all Sporcle quizzes.
OR
Log In

Show Comments

Extras

Top Quizzes Today


Score Distribution

Your Account Isn't Verified!

In order to create a playlist on Sporcle, you need to verify the email address you used during registration. Go to your Sporcle Settings to finish the process.

Report this User

Report this user for behavior that violates our Community Guidelines.

Details: